| 000 | 00428nam a22001577a 4500 | ||
|---|---|---|---|
| 999 |
_c10428 _d10428 |
||
| 003 | OSt | ||
| 008 | 210209b ||||| |||| 00| 0 eng d | ||
| 020 | _a9788185790213 | ||
| 100 | _aMAHADIK,K.R, Kuchekar,BS and Deshmukh,KR | ||
| 245 | _aConcise organic pharmaceutical chemistry II | ||
| 250 | _a18th | ||
| 260 |
_aNew Delhi _bNirali Prakashan _c2018 |
||
| 300 | _aMISC | ||
| 650 | _aMedicinal Chemistry | ||
| 942 |
_2ddc _cBK _021 |
||